Théatre de Voltaire. (Record no. 167799)

MARC details
000 -LEADER
campo de control de longitud fija 00766nam a2200169 i 4500
001 - NÚMERO DE CONTROL
campo de control 167799
003 - IDENTIFICADOR DE NÚMERO DE CONTROL
campo de control ES-MaACL
005 - FECHA Y HORA DE LA ÚLTIMA TRANSACCIÓN
campo de control 20250716063332.0
008 - DATOS DE LONGITUD FIJA--INFORMACIÓN GENERAL
campo de control de longitud fija 050929s1862 fr ac |||| | fre d
100 0# - ENTRADA PRINCIPAL--NOMBRE DE PERSONA
Nombre de persona Voltaire,
Fechas asociadas al nombre 1694-1778
9 (RLIN) 115721
245 10 - MENCIÓN DEL TÍTULO
Título Théatre de Voltaire.
260 ## - PUBLICACIÓN, DISTRIBUCIÓN, ETC.
Lugar de publicación, distribución, etc. Paris :
Nombre del editor, distribuidor, etc. Firmin Didot Frères, Fils et C.,
Fecha de publicación, distribución, etc. 1862.
300 ## - DESCRIPCIÓN FÍSICA
Extensión 657 p., [1] h. de lám. ;
Dimensiones 18 cm.
505 8# - NOTA DE CONTENIDO CON FORMATO
Nota de contenido con formato Contiene: Oedipe: p. 12-71 ; Brutus: p. 72-135 ; Zaire: p. 136-196 ; La mort de César: p. 197-239 ; Alzire: p.240-297 ; Le fanatisme: p. 298-359 ; Mérope: p. 360-426 ; Sémiramis: p. 427-491 ; Rome sauvée: p. 492-546 ; L'Orphelin de la Chine: p. 547-600 ; Tancrède: p. 601-657
852 ## - LOCALIZACIÓN
Ubicación ES-MaACL
Número de control de estantería G-9260
Nota libre - Enc. hol.
Holdings
Estatus retirado Estado de pérdida Estado de daño No para préstamo Colección Biblioteca de origen Biblioteca actual Ubicación en estantería Fecha de adquisición Fuente de adquisición Total de préstamos Signatura topográfica completa Código de barras Visto por última vez Precio de reemplazo Tipo de ítem Koha
        Libros del s. XIX Biblioteca del Ateneo de Madrid Biblioteca del Ateneo de Madrid Sala Pecera Planta 3 17/01/2008     G-9260 1176039 23/02/2023 23/02/2023 Libro impreso antiguo